000 005830000a22001810004500
003 MACL
005 20160131133232.0
008 160131b xxu||||| |||| 00| 0 eng d
040 _aMACL
_cmacl
041 _aHindi
082 _a330
100 _aमिश्र एस.के
_936354
245 _aभारतीय अर्थव्‍यवस्‍था
260 _bहिमालया पब्लिशिंग हाउस
_c2011
_aनई दिल्‍ली
350 _a375
650 _aअर्थ शास्‍त्र
_936349
942 _cHIN
_k330
_2ddc
999 _c45577
_d45577